00511nam a2200169Ia 4500999001700000003000400017005001700021008004100038040000900079082001900088100004400107245006500151260005700216300000900273650001500282942004400297 c25850d25850OSt20201221153732.0190216s9999||||xx |||||||||||||| ||und|| coclc a894.812bSMA/A aSmaranika Samidi, Shashti Poorthi97453 0aAzheekodinte Kalakattam /cShashti Poorthi Smaranika Samidi  bShashti poorthi agosha committe ,akozhikode:c1986. a140p aNiroopanam cBK2ddch894.812iSMA/Ak894.812mSMA/A